| 000 | 01669nam a2200445 i 4500 | ||
|---|---|---|---|
| 001 | ELB43858 | ||
| 003 | FlNmELB | ||
| 006 | m o d | | ||
| 007 | cr cnu|||||||| | ||
| 008 | 170809s2015 sp o 001 0 spa d | ||
| 020 | _a9788416230495 (e-book) | ||
| 020 | _z9788416230624 | ||
| 035 | _a(MiAaPQ)EBC4870182 | ||
| 035 | _a(Au-PeEL)EBL4870182 | ||
| 035 | _a(CaPaEBR)ebr11392301 | ||
| 035 | _a(OCoLC)1105502535 | ||
| 040 |
_aFINmELB _bspa _erda _cFINmELB |
||
| 050 | 4 |
_aZ831.A1 _bR484 2015 |
|
| 080 | _a946.0 | ||
| 082 | 0 |
_a027.046 _223 |
|
| 100 | 1 | _aRibera Tarragó, Julián. | |
| 245 | 1 | 0 |
_aBibliófilos y bibliotecas en la España Musulmana / _cJulián Ribera Tarragó. |
| 264 | 1 |
_aSevilla : _bAthenaica Ediciones Universitarias, _c2015. |
|
| 300 | _a1 recurso en línea (70 páginas) | ||
| 336 |
_atexto _btxt _2rdacontent/spa |
||
| 337 |
_acomputadora _bc _2rdamedia/spa |
||
| 338 |
_arecurso en línea _bcr _2rdacarrier/spa |
||
| 490 | 1 | _aLiteratura árabe e islam | |
| 500 | _aIncluye índice. | ||
| 588 | _aDescripción basada en recurso en línea; Título de la página del título en PDF (e-libro, visto August 9, 2017). | ||
| 590 | _aRecurso electronico. Santa Fe, Arg. : e-libro, 2016. Disponible via World Wide Web. El acceso puede ser limitado para las bibliotecas afiliadas a e-libro. | ||
| 650 | 0 |
_aIslam _zSpain _xHistory. |
|
| 650 | 4 |
_aIslam _zEspaña _xHistoria. |
|
| 650 | 0 |
_aLibraries _zSpain _xHistory. |
|
| 650 | 4 |
_aBibliotecas _zEspaña _xHistoria. |
|
| 655 | 4 | _aLibros electrónicos. | |
| 797 | 2 | _ae-libro, Corp. | |
| 830 | 0 | _aLiteratura árabe e islam. | |
| 856 | 4 | 0 | _uhttps://elibro.net/ereader/usam/43858 |
| 999 |
_c139893 _d139893 |
||